000 00490nam a2200181Ia 4500
008 090123s9999 xx 000 0 und d
082 _b14977
_a891.463/साठे
100 _aसाठे माया
245 _aसावळा
250 _a1
260 _bप्रिया प्रकाशन
300 _a200
600 _aसाठे माया
630 _aसावळा
700 _aसाठे माया
730 _aसावळा
942 _cBOOK
999 _c53038
_d53038